[Event "BL 2018-19"]
[Site "Berlin"]
[Date "2019.03.09"]
[Round "12"]
[White "Maiwald, Jens-Uwe"]
[Black "Libiszewski, Fabien"]
[Result "0-1"]
[WhiteElo "2443"]
[BlackElo "2481"]
[Annotator "ChessBase"]
[PlyCount "84"]
[EventDate "2018.11.10"]
[EventType "team-tourn"]
[EventCountry "GER"]
[SourceTitle "playchess.com"]
[Source "ChessBase"]
[SourceQuality "1"]
[WhiteTeam "Dresden"]
[BlackTeam "Viernheim"]
[TimeControl "40/6000+30:3000+30"]

1. e4 {[%emt 0:09:34]} c5 {[%emt 0:14:34]} 2. Nf3 {[%emt 0:00:10]} d6 {[%emt 0:00:03]} 3. d4 {[%emt 0:00:06]} cxd4 {[%emt 0:00:04]} 4. Nxd4 {[%emt 0:00:08]} Nf6 {[%emt 0:00:03]} 5. Nc3 {[%emt 0:00:08]} a6 {[%emt 0:00:03]} 6. f3 {[%emt 0:00:12]} e6 {[%emt 0:00:35]} 7. g4 {[%emt 0:00:49]} Nc6 {[%emt 0:04:30]} 8. g5 {[%emt 0:05:04]} Nd7 {[%emt 0:00:38]} 9. h4 {[%emt 0:07:33]} Qb6 {[%emt 0:01:18]} 10. Nb3 {[%emt 0:01:57]} Be7 {[%emt 0:01:01]} 11. Qe2 {[%emt 0:01:19]} Qc7 {[%emt 0:00:25]} 12. Be3 {[%emt 0:00:06]} b5 {[%emt 0:00:07]} 13. O-O-O {[%emt 0:15:25]} Bb7 {[%emt 0:02:12]} 14. Kb1 {[%emt 0:24:01]} Rc8 {[%emt 0:01:18]} 15. Rg1 {[%emt 0:07:47]} Nce5 {[%emt 0:01:49]} 16. Qf2 {[%emt 0:04:59]} b4 {[%emt 0:12:34]} 17. Bd4 {[%emt 0:02:59]} bxc3 {[%emt 0:01:06]} 18. Bxc3 {[%emt 0:00:02]} Nc5 {[%emt 0:02:17]} 19. Nxc5 {[%emt 0:07:11]} Qxc5 {[%emt 0:00:26]} 20. Bd4 {[%emt 0:00:02]} Qc7 {[%emt 0:00:30]} 21. Rc1 {[%emt 0:03:57]} O-O {[%emt 0:02:47]} 22. f4 {[%emt 0:04:27]} Nd7 {[%emt 0:02:15]} 23. f5 {[%emt 0:08:50]} e5 {[%emt 0:00:06]} 24. Be3 {[%emt 0:00:56]} Bxe4 {[%emt 0:00:34]} 25. f6 {[%emt 0:00:50]} Rb8 {[%emt 0:00:54]} 26. Qd2 {[%emt 0:02:41]} Bd8 {[%emt 0:02:23]} 27. Bd3 {[%emt 0:01:05]} Qb7 {[%emt 0:01:37]} 28. b3 {[%emt 0:00:22]} Bb6 {[%emt 0:01:34]} 29. fxg7 {[%emt 0:01:14]} Rfc8 {[%emt 0:01:19]} 30. h5 {[%emt 0:00:32]} Bxe3 {[%emt 0:01:47]} 31. Qxe3 {[%emt 0:00:02]} Nc5 {[%emt 0:00:33]} 32. g6 {[%emt 0:00:58]} Bxd3 {[%emt 0:00:18]} 33. cxd3 {[%emt 0:00:31]} Nxb3 {[%emt 0:02:43]} 34. Rxc8+ {[%emt 0:00:03]} Rxc8 {[%emt 0:00:08]} 35. gxh7+ {[%emt 0:00:50]} Kxh7 {[%emt 0:00:04]} 36. Qe4+ {[%emt 0:00:39]} Qxe4 {[%emt 0:00:08]} 37. dxe4 {[%emt 0:00:03]} Nd2+ {[%emt 0:00:07]} 38. Kb2 {[%emt 0:00:15]} Nxe4 {[%emt 0:00:07]} 39. h6 {[%emt 0:01:01]} Rg8 {[%emt 0:00:15]} 40. Rh1 {[%emt 0:00:17]} Ng3 {[%emt 0:00:07]} 41. Rh3 {[%emt 0:25:15]} Nf5 {[%emt 0:20:08]} 42. Ra3 {[%emt 0:00:01]} Ra8 {[%emt 0:00:26]} 0-1

[Event "BL 2018-19"]
[Site "Berlin"]
[Date "2019.03.09"]
[Round "12"]
[White "Seyb, Alexander"]
[Black "Braun, Arik"]
[Result "*"]
[WhiteElo "2416"]
[BlackElo "2605"]
[Annotator "TA"]
[PlyCount "80"]
[EventDate "2018.11.10"]
[EventType "team-tourn"]
[EventCountry "GER"]
[SourceTitle "playchess.com"]
[Source "ChessBase"]
[SourceQuality "1"]
[WhiteTeam "SF Berlin"]
[BlackTeam "Hockenheim"]

{[%evp 25,80,39,45,45,45,44,43,0,0,0,0,0,0,0,0,4,60,0,164,172,158,165,166,164,168,162,189,152,138,72,55,47,44,0,93,31,104,51,35,44,48,0,0,0,0,0,0,0,0,0,0,0,0,0,25,29,139]} 1. e4 g6 2. d4 Bg7 3. Nc3 d6 4. f4 Nf6 5. Nf3 O-O 6. Bd3 Na6 7. O-O c5 8. d5 Bg4 9. Bc4 Nc7 10. h3 Bxf3 11. Qxf3 a6 12. a4 b6 13. Qd3 Nd7 {LiveBook: 7 Games} 14. Bd2 {B09: Pirc Defence: Austrian Attack} Qc8 15. Rab1 Rb8 16. b4 {White is slightly better.} cxb4 17. Rxb4 Nc5 18. Qe3 $146 ({Predecessor:} 18. Qf3 Qd7 19. f5 a5 20. Rbb1 Nxa4 21. Nxa4 Qxa4 22. Bd3 b5 23. Bg5 Bf6 24. Bh6 Rfd8 25. Kh1 {½-½ (25) Baglan,E (2225)-Leskur,D (2385) Novi Sad 2016}) 18... Qd7 19. Rfb1 Bxc3 20. Bxc3 {f5 is the strong threat.} Nxa4 (20... a5 $1 $11 21. Qd4 (21. Rxb6 Rxb6 22. Rxb6 Nxa4 $14) 21... f6 22. Rxb6 Rxb6 23. Rxb6 Qxa4) 21. Ba1 (21. Bd4 $14) 21... b5 $2 {[#]} (21... f6 $11 {and Black has nothing to worry.}) 22. f5 $1 $36 {[%cal Rf5g6][%mdl 2560] Black must now prevent fxg6. White is on the roll.} f6 (22... gxf5 23. Qg5#) 23. fxg6 {Hoping for Qh6.} Kg7 24. gxh7 Kh8 {intending ...a5.} 25. Be2 a5 26. Bg4 Qd8 27. Rd4 ({White should play} 27. R4b3) 27... b4 $16 28. Bf5 {And now e5 would win.} Nb5 29. Rd2 Qb6 {[#]} (29... Na3 $1 $11 30. Rb3 Nc5) 30. Re1 ({White should try} 30. Qxb6 $1 $16 Rxb6 31. g4) 30... Rf7 (30... Qxe3+ $14 31. Rxe3 Na3) 31. Rf2 (31. g4 $16) 31... Qxe3 $14 32. Rxe3 Nac3 33. Rd3 a4 34. g4 Rxh7 35. Bxh7 Kxh7 36. Kg2 a3 37. Rf1 Kg6 38. Kf3 Rh8 39. Rh1 Rc8 40. Ke3 Na2 {Precision: White = 58%, Black = 59%.} (40... a2 $11 {remains equal.}) *

[Event "BL 2018-19"]
[Site "Berlin"]
[Date "2019.03.09"]
[Round "12"]
[White "Loxine, Jakov"]
[Black "Markert, Malte"]
[Result "*"]
[WhiteElo "2393"]
[BlackElo "2330"]
[Annotator "NA"]
[PlyCount "149"]
[EventDate "2018.11.10"]
[EventType "team-tourn"]
[EventCountry "GER"]
[SourceTitle "playchess.com"]
[Source "ChessBase"]
[SourceQuality "1"]
[WhiteTeam "Dresden"]
[BlackTeam "Viernheim"]
[TimeControl "40/6000+30:3000+30"]

1. e4 {[%emt 0:09:35]} c6 {[%emt 0:09:42]} 2. d4 {[%emt 0:00:16]} d5 {[%emt 0:00:05]} 3. exd5 {[%emt 0:00:09]} cxd5 {[%emt 0:00:10]} 4. Bd3 {[%emt 0:00:03]} Nc6 {[%emt 0:00:07]} 5. c3 {[%emt 0:00:03]} Qc7 {[%emt 0:00:04]} 6. Ne2 {[%emt 0:00:17]} Bg4 {[%emt 0:00:05]} 7. O-O {[%emt 0:00:08]} e6 {[%emt 0:00:08]} 8. Qe1 {[%emt 0:00:22]} Nf6 {[%emt 0:00:23]} 9. Bg5 {[%emt 0:00:17]} Bxe2 {[%emt 0:00:11]} 10. Qxe2 {[%emt 0:00:16]} Bd6 {[%emt 0:00:06]} 11. g3 {[%emt 0:01:44]} h6 {[%emt 0:00:10]} 12. Be3 {[%emt 0:00:59]} h5 {[%emt 0:00:06]} 13. Bg5 {[%emt 0:10:04]} O-O-O {[%emt 0:05:45]} 14. Nd2 {[%emt 0:04:44]} h4 {[%emt 0:04:33]} 15. Kg2 {[%emt 0:04:22]} Rdg8 {[%emt 0:23:37]} 16. Nf3 {[%emt 0:04:38]} Nh5 {[%emt 0:10:20]} 17. Nxh4 {[%emt 0:07:16]} Bf4 {[%emt 0:21:22]} 18. Qg4 {[%emt 0:10:34]} Bxg5 {[%emt 0:17:39]} 19. Qxg5 {[%emt 0:00:06]} Rh6 {[%emt 0:01:06]} 20. Rae1 {[%emt 0:05:40]} Rgh8 {[%emt 0:02:18]} 21. Nf3 {[%emt 0:03:42]} f6 {[%emt 0:02:18]} 22. Qd2 {[%emt 0:03:51]} g5 {[%emt 0:03:20]} 23. Rh1 {[%emt 0:09:07]} Qd7 {[%emt 0:01:27]} 24. h4 {[%emt 0:05:18]} g4 {[%emt 0:00:19]} 25. Nh2 {[%emt 0:01:38]} f5 {[%emt 0:00:56]} 26. Qg5 {[%emt 0:00:31]} Nd8 {[%emt 0:01:15]} 27. Re2 {[%emt 0:03:36]} Nf7 {[%emt 0:02:04]} 28. Qc1 {[%emt 0:01:31]} Rg8 {[%emt 0:00:29]} 29. c4 {[%emt 0:07:37]} Kb8 {[%emt 0:00:01]} 30. Rhe1 {[%emt 0:00:50]} f4 {[%emt 0:00:38]} 31. Rc2 {[%emt 0:00:22]} fxg3 {[%emt 0:03:01]} 32. fxg3 {[%emt 0:00:08]} Nxg3 {[%emt 0:00:22]} 33. Qf4+ {[%emt 0:02:11]} Nd6 {[%emt 0:01:28]} 34. Qxg3 {[%emt 0:00:55]} dxc4 {[%emt 0:00:10]} 35. Rxc4 {[%emt 0:01:19]} Ka8 {[%emt 0:01:04]} 36. Rc5 {[%emt 0:00:04]} Nf5 {[%emt 0:00:26]} 37. Bxf5 {[%emt 0:02:01]} exf5 {[%emt 0:00:02]} 38. Rce5 {[%emt 0:02:06]} a6 {[%emt 0:00:22]} 39. d5 {[%emt 0:01:51]} Rf8 {[%emt 0:01:01]} 40. Rf1 {[%emt 0:03:34]} Rb6 {[%emt 0:00:25]} 41. b3 {[%emt 0:56:08]} Rb5 {[%emt 0:24:17]} 42. Nxg4 {[%emt 0:00:00]} Rxd5 {[%emt 0:02:03]} 43. Rxd5 {[%emt 0:00:00]} Qxd5+ {[%emt 0:00:02]} 44. Kh2 {[%emt 0:00:00]} Re8 {[%emt 0:14:20]} 45. Ne3 {[%emt 0:00:00]} Qd2+ {[%emt 0:00:40]} 46. Ng2 {[%emt 0:00:00]} Qxa2 {[%emt 0:00:12]} 47. Rxf5 {[%emt 0:00:00]} Qc2 {[%emt 0:02:33]} 48. Rf7 {[%emt 0:00:00]} Rh8 {[%emt 0:00:53]} 49. Rg7 {[%emt 0:00:00]} Ka7 {[%emt 0:01:55]} 50. Qe3+ {[%emt 0:00:00]} Ka8 {[%emt 0:00:18]} 51. Qg3 {[%emt 0:00:00]} Ka7 {[%emt 0:00:04]} 52. Re7 {[%emt 0:00:00]} Qc6 {[%emt 0:02:11]} 53. Qe3+ {[%emt 0:00:00]} Ka8 {[%emt 0:00:51]} 54. Qe4 {[%emt 0:00:00]} Qc8 {[%emt 0:01:22]} 55. Qd5 {[%emt 0:00:00]} Rd8 {[%emt 0:01:22]} 56. Qe4 {[%emt 0:00:00]} Rh8 {[%emt 0:00:57]} 57. Ne3 {[%emt 0:00:00]} Qb8+ {[%emt 0:00:09]} 58. Kh3 {[%emt 0:00:00]} Qc8+ {[%emt 0:01:33]} 59. Qe6 {[%emt 0:00:13]} Qf8 {[%emt 0:00:44]} 60. Nf5 {[%emt 0:00:27]} Qd8 {[%emt 0:02:14]} 61. Nd6 {[%emt 0:01:03]} Qa5 {[%emt 0:01:07]} 62. Qe5 {[%emt 0:02:43]} Qxe5 {[%emt 0:00:23]} 63. Rxe5 {[%emt 0:00:03]} Rh6 {[%emt 0:00:08]} 64. Nc4 {[%emt 0:01:11]} Kb8 {[%emt 0:01:24]} 65. h5 {[%emt 0:00:09]} b5 {[%emt 0:00:17]} 66. Na5 {[%emt 0:00:11]} Kc7 {[%emt 0:00:05]} 67. Kg4 {[%emt 0:00:33]} Rd6 {[%emt 0:00:29]} 68. Re4 {[%emt 0:00:32]} Rd1 {[%emt 0:01:12]} 69. h6 {[%emt 0:00:16]} Kd6 {[%emt 0:00:48]} 70. Kg5 {[%emt 0:00:09]} Rh1 {[%emt 0:00:14]} 71. Rh4 {[%emt 0:00:25]} Rg1+ {[%emt 0:00:04]} 72. Rg4 {[%emt 0:00:35]} Rh1 {[%emt 0:01:03]} 73. Kg6 {[%emt 0:00:13]} Kc5 {[%emt 0:00:22]} 74. b4+ {[%emt 0:00:06]} Kb6 {[%emt 0:00:09]} 75. h7 {[%emt 0:00:11]} *

[Event "BL 2018-19"]
[Site "Berlin"]
[Date "2019.03.09"]
[Round "12"]
[White "Florstedt, Johannes"]
[Black "Buhmann, Rainer"]
[Result "1-0"]
[WhiteElo "2337"]
[BlackElo "2574"]
[Annotator "RC"]
[PlyCount "42"]
[EventDate "2018.11.10"]
[EventType "team-tourn"]
[EventCountry "GER"]
[SourceTitle "playchess.com"]
[Source "ChessBase"]
[SourceQuality "1"]
[WhiteTeam "SF Berlin"]
[BlackTeam "Hockenheim"]
[TimeControl "40/6000+30:3000+30"]

1. e4 {[%emt 0:00:00]} c5 {[%emt 0:00:00]} 2. Nf3 {[%emt 0:00:00]} d6 {[%emt 0:00:00]} 3. d4 {[%emt 0:00:34]} cxd4 {[%emt 0:00:00]} 4. Nxd4 {[%emt 0:00:04]} Nf6 {[%emt 0:00:04]} 5. Nc3 {[%emt 0:00:05]} a6 {[%emt 0:00:06]} 6. Be3 {[%emt 0:03:46]} Ng4 {[%emt 0:01:07]} 7. Bg5 {[%emt 0:02:01]} h6 {[%emt 0:01:36]} 8. Bc1 {[%emt 0:00:28]} Nf6 {[%emt 0:02:29]} 9. Bc4 {[%emt 0:00:52]} e6 {[%emt 0:03:31]} 10. Bb3 {[%emt 0:00:32]} Nc6 {[%emt 0:04:18]} 11. Nxc6 {[%emt 0:04:08]} bxc6 {[%emt 0:00:43]} 12. Qf3 {[%emt 0:00:48]} d5 {[%emt 0:07:49]} 13. O-O {[%emt 0:08:53]} Be7 {[%emt 0:09:34]} 14. Ba4 {[%emt 0:13:19]} Bd7 {[%emt 0:04:24]} 15. e5 {[%emt 0:05:22]} Nh7 {[%emt 0:06:25]} 16. Qg4 {[%emt 0:00:55]} Nf8 {[%emt 0:01:56]} 17. Ne2 {[%emt 0:19:10]} h5 {[%emt 0:13:34]} 18. Qxg7 {[%emt 0:05:01]} Ng6 {[%emt 0:00:32]} 19. Nf4 {[%emt 0:14:48]} Bf8 {[%emt 0:01:49]} 20. Qf6 {[%emt 0:00:24]} Be7 {[%emt 0:00:19]} 21. Qg7 {[%emt 0:00:25]} Bf8 {[%emt 0:00:10]} 1-0

[Event "BL 2018-19"]
[Site "Berlin"]
[Date "2019.03.09"]
[Round "12"]
[White "Heinemann, Josefine"]
[Black "Moehn, Hans"]
[Result "*"]
[WhiteElo "2329"]
[BlackElo "2371"]
[Annotator "NA"]
[PlyCount "74"]
[EventDate "2018.11.10"]
[EventType "team-tourn"]
[EventCountry "GER"]
[SourceTitle "playchess.com"]
[Source "ChessBase"]
[SourceQuality "1"]
[WhiteTeam "Viernheim"]
[BlackTeam "Dresden"]
[TimeControl "40/6000+30:3000+30"]

1. e4 {[%emt 0:10:10]} e5 {[%emt 0:09:31]} 2. Nf3 {[%emt 0:02:08]} Nf6 {[%emt 0:00:05]} 3. Nxe5 {[%emt 0:04:42]} d6 {[%emt 0:00:08]} 4. Nf3 {[%emt 0:00:27]} Nxe4 {[%emt 0:00:05]} 5. Be2 {[%emt 0:12:44]} d5 {[%emt 0:02:44]} 6. O-O {[%emt 0:02:22]} Bd6 {[%emt 0:00:10]} 7. d3 {[%emt 0:09:22]} Nf6 {[%emt 0:02:51]} 8. Bg5 {[%emt 0:01:58]} O-O {[%emt 0:00:18]} 9. Nbd2 {[%emt 0:01:39]} c5 {[%emt 0:00:52]} 10. c4 {[%emt 0:02:29]} h6 {[%emt 0:04:52]} 11. Bh4 {[%emt 0:17:59]} g5 {[%emt 0:01:55]} 12. Bg3 {[%emt 0:04:17]} Bxg3 {[%emt 0:00:39]} 13. fxg3 {[%emt 0:09:53]} Nc6 {[%emt 0:03:59]} 14. Nb3 {[%emt 0:03:39]} Ng4 {[%emt 0:08:04]} 15. Qd2 {[%emt 0:05:07]} b6 {[%emt 0:02:06]} 16. cxd5 {[%emt 0:06:22]} Qxd5 {[%emt 0:01:22]} 17. h3 {[%emt 0:00:19]} Nge5 {[%emt 0:02:15]} 18. Nxg5 {[%emt 0:05:01]} Nd4 {[%emt 0:07:52]} 19. Bf3 {[%emt 0:06:35]} Nexf3+ {[%emt 0:11:02]} 20. Nxf3 {[%emt 0:00:01]} Nxb3 {[%emt 0:02:48]} 21. axb3 {[%emt 0:00:01]} Kh7 {[%emt 0:01:34]} 22. Nh4 {[%emt 0:01:53]} Be6 {[%emt 0:03:42]} 23. Ra4 {[%emt 0:00:42]} Qg5 {[%emt 0:03:03]} 24. Qf2 {[%emt 0:00:38]} Rg8 {[%emt 0:02:34]} 25. Nf5 {[%emt 0:01:12]} Rg6 {[%emt 0:03:36]} 26. g4 {[%emt 0:00:34]} Bxb3 {[%emt 0:01:02]} 27. Rf4 {[%emt 0:00:22]} Rf8 {[%emt 0:01:40]} 28. h4 {[%emt 0:00:26]} Qd8 {[%emt 0:01:05]} 29. Qd2 {[%emt 0:00:44]} Be6 {[%emt 0:01:47]} 30. h5 {[%emt 0:00:15]} Bxf5 {[%emt 0:03:36]} 31. hxg6+ {[%emt 0:00:34]} Bxg6 {[%emt 0:00:03]} 32. d4 {[%emt 0:00:27]} Qd5 {[%emt 0:00:42]} 33. Qe3 {[%emt 0:00:22]} cxd4 {[%emt 0:01:38]} 34. Rxd4 {[%emt 0:00:48]} Qc5 {[%emt 0:00:35]} 35. Rc1 {[%emt 0:00:05]} Qb5 {[%emt 0:00:14]} 36. b4 {[%emt 0:00:33]} Re8 {[%emt 0:00:17]} 37. Qf4 {[%emt 0:00:37]} a5 {[%emt 0:02:00]} *

[Event "BL 2018-19"]
[Site "Berlin"]
[Date "2019.03.23"]
[Round "12.1"]
[White "Duda, Jan-Krzysztof"]
[Black "Vachier-Lagrave, Maxime"]
[Result "0-1"]
[WhiteElo "2731"]
[BlackElo "2775"]
[Annotator "TA"]
[PlyCount "84"]
[EventDate "2018.11.10"]
[EventType "team-tourn"]
[EventCountry "GER"]
[SourceTitle "playchess.com"]
[Source "ChessBase"]
[SourceQuality "1"]
[WhiteTeam "Hamburg SK"]
[BlackTeam "Baden-Baden"]

{[%evp 9,84,11,0,-4,11,0,4,0,1,-9,0,-20,-12,-27,-14,-15,-27,-28,-17,-18,-26,-21,-28,-24,-10,-24,-24,-36,-28,-25,0,-60,-47,-65,-103,-91,-110,-116,-124,-133,-118,-118,-132,-146,-122,-197,-194,-197,-197,-199,-212,-197,-195,-206,-212,-217,-228,-401,-395,-520,-525,-523,-521,-494,-478,-557,-540,-511,-415,-494,-491,-503,-483,-493,-457,-455,-445]} 1. d4 Nf6 2. c4 g6 3. g3 c6 4. Bg2 d5 5. Qa4 Bg7 6. cxd5 {D71: Fianchetto Grünfeld: 3 g3 d5 sidelines and 5 cxd5 (without Nf3)} Nxd5 7. Nf3 Nb6 8. Qc2 {The position is equal.} Bg4 9. Nbd2 O-O 10. h3 $146 ({Predecessor:} 10. O-O N8d7 11. Rd1 Qc8 12. h3 Bxf3 13. Nxf3 {1-0 (39) Wojtaszek,R (2730)-Protaziuk,G (2334) Poland 2018}) 10... Bxf3 11. Nxf3 Bxd4 12. Nxd4 Qxd4 13. O-O Na6 14. Bg5 f6 15. Bh6 Rfd8 16. Rac1 Kf7 17. Qb3+ e6 18. a3 Qa4 $36 {[%mdl 2048] White is under pressure.} 19. Qf3 Nd7 20. Bf4 ({White should play} 20. g4 $11) 20... e5 $1 $15 {[%cal Re5f4]} 21. Bh6 Nac5 22. Rc3 Ne6 23. e3 Nb6 24. Qe2 Rd7 25. f4 {[#]} exf4 $1 26. gxf4 {f5 would now be nice for White.} f5 27. e4 (27. Bg5 $17) 27... Qd4+ $19 28. Kh1 {Hoping for exf5.} Qd2 29. Qxd2 Rxd2 30. exf5 gxf5 31. Re1 Rg8 ({Weaker is} 31... Rxb2 32. Rce3 $15) 32. Bf3 Nd5 ({Worse is} 32... Rxb2 33. Rce3 $11) 33. Rb3 $2 {[#]} (33. Bxd5 cxd5 34. Bg5) 33... Nc5 34. Bh5+ Kf6 35. Bg5+ Rxg5 36. fxg5+ Kxg5 37. Rf3 Kxh5 38. Rxf5+ Kg6 39. Rf8 Rxb2 {Black is clearly winning.} 40. Rg1+ Kh6 41. Rg4 Nd3 42. Rh4+ Kg7 {Accuracy: White = 65%, Black = 79%.} 0-1

[Event "BL 2018-19"]
[Site "Berlin"]
[Date "2019.03.23"]
[Round "12.1"]
[White "Kindermann, Stefan"]
[Black "Van Wely, Loek"]
[Result "1/2-1/2"]
[WhiteElo "2500"]
[BlackElo "2622"]
[Annotator "TA"]
[PlyCount "51"]
[EventDate "2018.11.10"]
[EventType "team-tourn"]
[EventCountry "GER"]
[SourceTitle "playchess.com"]
[Source "ChessBase"]
[SourceQuality "1"]
[WhiteTeam "Zugzwang Muenchen"]
[BlackTeam "Solingen"]

{[%evp 18,51,-22,-4,-17,-10,0,0,0,-24,-23,-21,-17,-18,12,-11,53,45,55,42,43,51,47,54,82,72,76,56,87,76,76,76,94,72,62,65]} 1. e4 c5 2. Nc3 Nc6 3. Bb5 Nd4 4. Bc4 e6 5. Nge2 Nf6 6. O-O {B23: Closed Sicilian: Lines without g3} a6 7. d3 b5 8. Bb3 Nxb3 9. axb3 Bb7 10. f4 {LiveBook: 30 Games} d5 {[%cal Rd5e4]} 11. e5 Ng4 {[%cal Bf6g4,Bg4h6,Bh6f5][%mdl 32]} 12. d4 h5 13. h3 $146 ({Predecessor:} 13. Qd3 Qb6 {½-½ (44) Holzhaeuer,M (2283)-Braun,G (2302) Wuerttemberg 2017}) 13... Nh6 $1 14. Be3 Nf5 15. Bf2 Qc7 16. Qd2 f6 (16... Qc6 $11) 17. dxc5 $14 Bxc5 {[#] And now ...d4 would win.} 18. Nd4 $36 {[%mdl 2048] White is more active.} Bxd4 19. Bxd4 Kf7 20. Ne2 a5 21. c3 {[%cal Bc2c3,Bc3b4][%mdl 32]} h4 22. Rf2 Ba6 23. Be3 b4 24. Nd4 Nxd4 25. Bxd4 {aiming for f5.} f5 26. cxb4 {Precision: White = 63%, Black = 54%.} 1/2-1/2

[Event "BL 2018-19"]
[Site "Berlin"]
[Date "2019.03.23"]
[Round "12.1"]
[White "Perske, Thore"]
[Black "Feygin, Michael"]
[Result "1-0"]
[WhiteElo "2448"]
[BlackElo "2503"]
[Annotator "TA"]
[PlyCount "99"]
[EventDate "2018.11.10"]
[EventType "team-tourn"]
[EventCountry "GER"]
[SourceTitle "playchess.com"]
[Source "ChessBase"]
[SourceQuality "1"]
[WhiteTeam "SV Hofheim"]
[BlackTeam "Muelheim"]

{[%evp 20,99,41,43,57,28,60,46,104,64,143,75,80,68,88,84,81,78,87,69,77,48,85,76,67,55,48,46,272,264,251,217,319,329,325,323,301,302,549,531,530,475,520,516,595,608,631,626,752,749,1064,1065,996,1007,996,962,935,858,883,875,879,853,815,802,936,654,1116,1068,2028,1406,1852,1724,29946,29948,29948,29944,8597,7938,6079,6083,29967,29967]} 1. e4 e6 2. d4 d5 3. Nd2 Nf6 4. e5 Nfd7 5. c3 c5 6. f4 Nc6 7. Ndf3 Qb6 8. a3 a5 9. b3 {C05: French Tarrasch: 3...Nf6 4 e5 Nfd7, 5 f4 and 5 Bd3 sidelines} Be7 10. h4 f6 11. Bd3 {LiveBook: 13 Games. White is slightly better.} Qc7 12. Ne2 Rb8 13. Qc2 $146 ({Predecessor:} 13. a4 cxd4 14. cxd4 Nb4 15. O-O Nxd3 16. Qxd3 O-O {½-½ (37) Short,N (2665)-Goh,W (2433) Tromsoe 2014}) 13... Nf8 (13... f5 $14) 14. Be3 b6 (14... a4 $14) 15. h5 (15. a4 $142) 15... a4 $16 16. h6 g6 $1 {...axb3 is the strong threat.} 17. Bb5 axb3 18. Qxb3 {Hoping for dxc5.} Bd7 19. exf6 Bxf6 20. Ne5 $36 {[%mdl 2048] White is more active.} Na5 21. Qa4 Bxb5 22. Qxb5+ Nd7 {[%cal Rf6e5]} 23. O-O Bxe5 $2 ({Black should play} 23... Rd8 $14) 24. fxe5 $18 (24. dxe5 Nc4 $17) 24... Qc6 25. a4 Rc8 (25... Rf8 {keeps fighting.} 26. Qd3 c4) 26. dxc5 Nc4 {Threatens to win with ...Qxb5.} 27. Qxc6 Rxc6 28. Nd4 Nxe3 $2 (28... Rxc5 {is a better defense.} 29. Bg5 Rc8) 29. Nxc6 Nxf1 {[#]} 30. cxb6 $1 Nxb6 {[#] And now ...Kd7 would win.} 31. Rb1 $1 ({Weaker is} 31. Kxf1 Kd7 $14) ({Not} 31. Rxf1 Nc4 $16) 31... Ne3 {aiming for ...Nec4.} 32. Rxb6 {[%mdl 4096] Endgame Strongly threatening Rb8+. KRN-KRN} Kd7 33. Nd4 Rf8 {If only Black now had time for ...Rf1+....} 34. Rb7+ Kc8 35. Rxh7 Rf1+ 36. Kh2 Ng4+ 37. Kg3 Nxe5 38. Nxe6 Nf7 39. Nf4 Ng5 40. Rh8+ Kd7 41. Nxg6 Rh1 {[#]} 42. h7 $1 Rh6 (42... Nxh7 43. Rxh7+) 43. Kg4 Nf7 44. Rg8 Rxh7 45. Nf8+ Kc7 46. Nxh7 Nh6+ 47. Kf4 Nxg8 48. Ke5 Ne7 49. Ke6 Nc8 50. Nf6 {Precision: White = 87%, Black = 28%.} 1-0

[Event "BL 2018-19"]
[Site "Berlin"]
[Date "2019.03.23"]
[Round "12.2"]
[White "Wojtaszek, Radoslaw"]
[Black "Miton, Kamil"]
[Result "1/2-1/2"]
[WhiteElo "2749"]
[BlackElo "2589"]
[Annotator "TA"]
[PlyCount "81"]
[EventDate "2018.11.10"]
[EventType "team-tourn"]
[EventCountry "GER"]
[SourceTitle "playchess.com"]
[Source "ChessBase"]
[SourceQuality "1"]
[WhiteTeam "Baden-Baden"]
[BlackTeam "Hamburg SK"]

{[%evp 11,81,24,57,53,43,45,43,37,36,33,40,33,61,54,67,27,54,50,63,45,46,45,47,0,0,5,16,0,58,45,70,66,101,68,73,35,41,29,34,33,31,39,34,51,54,63,85,27,29,19,33,8,9,0,0,0,0,-3,0,0,0,0,0,0,0,0,0,0,0,0,0,0]} 1. d4 d5 2. c4 e6 3. Nc3 c5 4. cxd5 exd5 5. Nf3 Nf6 6. Bg5 Nc6 7. e3 {D32: Tarrasch Defence: Sidelines and lines without g3} cxd4 8. Nxd4 Be7 9. Be2 {White is slightly better.} O-O 10. O-O h6 11. Bh4 Nxd4 (11... Be6 12. Rc1 Qd7 13. Nxe6 fxe6 14. Bd3 Rad8 15. Bb1 Qe8 {1-0 (40) Wojtaszek,R (2749)-Radjabov,T (2710) Doha 2016}) 12. Qxd4 Be6 13. Rac1 a6 14. Bd1 $146 ({Predecessor:} 14. Rfd1 Qa5 15. Bf3 Rfd8 {1-0 (55) Rogalski,K (1927)-Rzepecka,D (1888) Warsaw 2010}) 14... Qa5 15. Bb3 Rfd8 16. Ne2 Rac8 17. Nf4 Rxc1 18. Rxc1 Rc8 $1 {[%cal Rc8c1]} 19. Rd1 (19. Rf1 {seems wilder.} g5 20. Nxe6 fxe6 21. Bg3 Ne4 22. f3) 19... Qc5 (19... g5 $11 20. Nxe6 fxe6) 20. Qd3 Bg4 21. f3 Bd7 22. Bf2 ({Reject} 22. Nxd5 $6 Nxd5 23. Bxe7 Nxe7 $11) 22... Bb5 23. Qd2 {[%cal Rf4d5]} Bc4 $1 24. e4 ({Wrong is} 24. Nxd5 $2 Qxd5 25. Qxd5 Nxd5 $19) 24... Qc7 25. Nxd5 Nxd5 26. Bxc4 Qxc4 27. exd5 {And now d6 would win.} ({Much weaker is} 27. Qxd5 Qe2 $15) 27... Bd6 28. b3 Qc7 29. g3 (29. Kf1 $16) 29... Qc2 $11 30. g4 Kf8 31. h4 h5 {The position is equal.} 32. Qxc2 Rxc2 33. gxh5 Rxa2 {[%mdl 4096] Endgame KRB-KRB} 34. Bd4 Rc2 35. Kf1 Bg3 36. d6 Bxd6 {[#]} 37. Bxg7+ $1 {[%mdl 512]} Kxg7 38. Rxd6 Rc3 39. h6+ Kh7 40. Rb6 Rxf3+ 41. Kg2 {Accuracy: White = 63%, Black = 76%.} 1/2-1/2